01453nam a22002177a 450000500170000000700150001700800410003202000180007303500100009104000090010110000310011024501220014125600240026326000360028730000280032350005000035150602700085165000350112174000380115685600410119420240305165640.0cr|||| |||| 220824s2021 pe |||||s|||| 00||0 spa d a9786123252250 a36953 avLex1 aCamacho Ramírez, Adriana12aEl poder del Juez y la Constitución seguido de otros escritosh[Recurso electrónico] /cAdriana Camacho Ramírez aServicio en línea aLima:bPalestra Editores,c2021 a1 recurso electrónico aEl presente libro reúne una serie de trabajos del destacado jurista alemán, Otto Bachof. Su potente discurso “El poder del Juez y la Constitución” es el corazón de esta obra, y reivindica el poder de control que deben ejercer los jueces sobre los otros poderes del Estado, figura que hasta el día de hoy sigue contorneando sus límites. Junto a los otros escritos que lo acompañan, resulta en un texto imprescindible para entender el pensamiento constitucional de nuestros días.1 aDisponible solo en los productos indicadosdvLex GlobaldvLex Global (Academic Edition, excluding Law Schools)dvLex Global (U.S. Academic Edition, Law Schools)dvLex Global (U.S. Academic Edition, excluding Law Schools)dvLex Global (Academic Edition, Law Schools)04aDerecho ConstitucionalzPerú0 avLex Libros (Servicio en línea)40uhttps://app.vlex.com/#/sources/36953